Top 100 Girls' Names in Scotland 2019 - Statistics

General Stats
  • This quiz has been taken 303 times
  • The average score is 57 of 106
Answer Stats
# First Letter Answer % Correct
394 O Olivia
99%
388 E Emily
95%
125 E Emma
93%
284 E Ella
89%
243 C Charlotte
88%
308 S Sophie
86%
272 G Grace
85%
57 E Elizabeth
84%
219 E Ellie
84%
364 I Isla
84%
146 A Anna
83%
278 A Ava
83%
99 S Sofia
82%
217 S Sophia
82%
137 E Eva
80%
79 Z Zoe
80%
275 A Amelia
78%
58 E Eve
78%
140 H Hannah
78%
47 L Lucie
77%
53 L Lilly
76%
203 L Lily
76%
222 L Lucy
76%
126 I Isabella
75%
74 R Rose
75%
164 E Evie
74%
260 F Freya
72%
127 C Chloe
71%
223 J Jessica
71%
109 Z Zara
71%
87 A Alice
70%
179 M Mia
70%
178 R Rosie
70%
95 M Molly
68%
77 H Hollie
65%
104 H Holly
65%
159 R Ruby
65%
173 M Millie
62%
111 D Daisy
61%
126 I Ivy
61%
124 G Georgia
60%
91 K Katie
60%
98 E Erin
59%
44 M Maria
59%
122 P Poppy
59%
198 H Harper
58%
61 V Violet
58%
73 A Abigail
57%
99 E Esme
57%
48 E Evelyn
57%
153 W Willow
57%
65 E Elsie
56%
52 M Matilda
55%
127 O Orla
55%
45 P Penelope
54%
216 A Aria
53%
76 B Bella
53%
63 L Leah
53%
47 C Clara
52%
104 G Gracie
52%
50 L Lola
51%
82 M Maya
51%
62 S Scarlett
51%
90 S Sienna
51%
77 A Ada
48%
54 F Florence
48%
93 L Layla
48%
127 M Mila
48%
86 A Amber
45%
52 P Phoebe
45%
142 M Maisie
44%
61 J Julia
43%
75 L Luna
43%
72 S Summer
43%
58 I Imogen
40%
93 E Emilia
37%
69 H Hope
35%
88 N Niamh
35%
66 I Iona
34%
67 L Lexi
34%
47 S Sadie
34%
49 A Aurora
32%
82 B Bonnie
30%
47 B Brooke
30%
44 L Lottie
30%
44 A Abbie
29%
46 C Cara
29%
97 H Hallie
29%
100 S Skye
29%
45 D Darcy
28%
54 G Georgie
27%
118 R Robyn
26%
75 T Thea
25%
56 C Cora
21%
44 L Lyla
21%
44 A Aoife
20%
93 A Ayla
20%
162 E Eilidh
20%
44 A Ailsa
19%
45 N Nova
19%
59 H Harley
15%
51 R Rowan
14%
71 C Callie
11%
60 M Myla
9%
52 M Mirren
8%
44 A Aila
5%
No matching quizzes found
Score Distribution
Percent of People with Each Score
Percentile by Number Answered
Your Score History
You have not taken this quiz